| 000 | 00821nas a2200277 4500 | ||
|---|---|---|---|
| 001 | BR0502362 | ||
| 003 | BR-BrBNA | ||
| 005 | 20231205105339.0 | ||
| 007 | ta | ||
| 008 | 230509b bl.|||p| |||| 00| 00por d | ||
| 040 |
_aBR-BrBNA _bpor _cBiblioteca Nacional de Agricultura |
||
| 041 | _a(Pt) | ||
| 072 | _aF01 | ||
| 100 | 1 | _aFracaro, A.A. | |
| 100 | 1 | _aPereira, F.M. | |
| 245 | 1 | _aEfeito do Ethephon sobre a brotação e vigor dos ramos da videira 'Niagara Rosada' (Vitis labrusca L.) | |
| 650 | _aUVA | ||
| 650 | _aETEFON | ||
| 650 | _aPODA | ||
| 650 | _aBROTAÇÃO | ||
| 650 | _aMEDIÇÃO | ||
| 650 | _aSÃO PAULO | ||
| 773 | 0 |
_tRevista Brasileira de Fruticultura (Brazil) _xISSN 0100-2945 _g(Dec 2004), v. 26(3) p. 399-402 _wBR0502362 |
|
| 909 |
_a202311 _bLúcia _c55 _dLúcia Elande |
||
| 942 |
_2AGRIS _n0 _cANA |
||
| 999 |
_c182488 _d182488 |
||